[Event "Ruhrgebiet Regionalliga 1819"]
[Site "Nordrheinwestfalen"]
[Date "2019.03.03"]
[Round "8.3"]
[White "Weyh, Thomas"]
[Black "Tkachuk, Sergij"]
[Result "0-1"]
[WhiteElo "2004"]
[BlackElo "2208"]
[PlyCount "42"]
[EventDate "2018.09.02"]
[EventType "team-tourn"]
[EventRounds "11"]
[EventCountry "GER"]
[SourceTitle "EXT 2022"]
[Source "ChessBase"]
[SourceDate "2021.10.06"]
[SourceVersion "1"]
[SourceVersionDate "2021.10.06"]
[SourceQuality "1"]
[WhiteTeam "Oberhausen SV II"]
[BlackTeam "Bochum SG II"]
[WhiteTeamCountry "GER"]
[BlackTeamCountry "GER"]

1. d4 c5 2. d5 e5 3. e4 d6 4. Bb5+ Nd7 5. a4 a6 6. Be2 g6 7. Nf3 Bg7 8. Bg5 f6 9. Be3 Ne7 10. h3 f5 11. Nc3 Nf6 12. Qc1 fxe4 13. Ng5 h6 14. Ngxe4 Nxe4 15. Nxe4 Nf5 16. 0-0 0-0 17. g4 Nd4 18. Bxd4 exd4 19. Ra3 Qe7 20. Bd3 c4 21. Nxd6 cxd3 0-1

[Event "NRW Class1 1819"]
[Site "Germany"]
[Date "2018.11.18"]
[Round "3.7"]
[White "Althoff, Franz"]
[Black "Weyh, Thomas"]
[Result "1/2-1/2"]
[WhiteElo "1990"]
[BlackElo "2003"]
[PlyCount "151"]
[EventDate "2018.09.16"]
[EventType "team-tourn"]
[EventRounds "9"]
[EventCountry "GER"]
[SourceTitle "EXT 2022"]
[Source "ChessBase"]
[SourceDate "2021.10.06"]
[SourceVersion "1"]
[SourceVersionDate "2021.10.06"]
[SourceQuality "1"]
[WhiteTeam "Nienberge"]
[BlackTeam "Oberhausen SV"]
[WhiteTeamCountry "GER"]
[BlackTeamCountry "GER"]

1. Nf3 d5 2. d4 e6 3. c4 c5 4. dxc5 Bxc5 5. e3 Nf6 6. Nc3 0-0 7. Be2 dxc4 8. Qxd8 Rxd8 9. Bxc4 a6 10. a3 b5 11. Ba2 Bb7 12. 0-0 Nbd7 13. Rd1 Rac8 14. h3 Kf8 15. Bb1 Ke7 16. e4 b4 17. Na4 Nxe4 18. Nxc5 Ndxc5 19. Rxd8 Rxd8 20. Bxe4 Nxe4 21. Be3 bxa3 22. Rxa3 Rd5 23. Nd4 Nd6 24. Rc3 Kd7 25. Nb3 Nb5 26. Rc1 Nd6 27. Nc5+ Kd8 28. Ra1 Bc8 29. Nxa6 Nc4 30. b4 Nxe3 31. fxe3 Rb5 32. Kf2 Bxa6 33. Rxa6 Rxb4 34. Ra7 Ke8 35. Kf3 Rb2 36. Rc7 Rd2 37. Ra7 Rd7 38. Ra8+ Ke7 39. Rb8 Kf6 40. Ra8 Rd5 41. Ra6 Rf5+ 42. Ke2 Kg5 43. Ra4 h5 44. g3 e5 45. Re4 Kh6 46. Ra4 g5 47. Ra8 e4 48. g4 hxg4 49. hxg4 Re5 50. Kf2 Re6 51. Kg2 Kg6 52. Rg8+ Kf6 53. Ra8 Rd6 54. Re8 Re6 55. Ra8 Ke7 56. Ra7+ Ke8 57. Ra8+ Ke7 58. Ra7+ Kf8 59. Kg3 Rf6 60. Kg2 Rf3 61. Ra3 Kg7 62. Rb3 Kg6 63. Ra3 Kf6 64. Rb3 Ke5 65. Rb5+ Ke6 66. Rxg5 Rxe3 67. Rf5 Ra3 68. Rf4 Ra2+ 69. Kf1 Ra4 70. Ke2 Ke5 71. Rxf7 Ra2+ 72. Ke3 Ra3+ 73. Ke2 Rg3 74. Re7+ Kf4 75. Rf7+ Kxg4 76. Rg7+ 1/2-1/2

[Event "Ruhrgebiet Regionalliga 1718"]
[Site "Germany"]
[Date "2018.03.04"]
[Round "7.4"]
[White "Koehn, Peter"]
[Black "Weyh, Thomas"]
[Result "1/2-1/2"]
[WhiteElo "2163"]
[BlackElo "2000"]
[PlyCount "114"]
[EventDate "2017.10.01"]
[EventType "team-tourn"]
[EventRounds "9"]
[EventCountry "GER"]
[SourceTitle "EXT 2022"]
[Source "ChessBase"]
[SourceDate "2021.10.06"]
[SourceVersion "1"]
[SourceVersionDate "2021.10.06"]
[SourceQuality "1"]
[WhiteTeam "Wattenscheid SV II"]
[BlackTeam "Oberhausen SV II"]
[WhiteTeamCountry "GER"]
[BlackTeamCountry "GER"]

1. c4 e6 2. Nf3 d5 3. g3 Nf6 4. Bg2 c5 5. 0-0 Nc6 6. b3 Be7 7. e3 0-0 8. Bb2 b6 9. Nc3 Bb7 10. Qe2 dxc4 11. bxc4 Rc8 12. Rac1 Qc7 13. d4 Na5 14. Nb5 Qb8 15. dxc5 Bxc5 16. Ne5 Bxg2 17. Ng4 Bh3 18. Nxf6+ gxf6 19. Qh5 Bf5 20. Bxf6 Rfe8 21. Qg5+ Bg6 22. h4 Bf8 23. Be5 Rc5 24. Bxb8 Rxg5 25. hxg5 Rxb8 26. Rfd1 a6 27. Nc7 Rc8 28. Nxa6 Rxc4 29. Rxc4 Nxc4 30. Rd8 Bb1 31. a4 Kg7 32. Rc8 Bd3 33. Nb8 Be7 34. f4 Bc5 35. Nd7 Bxe3+ 36. Kh2 Bd4 37. Rc6 Kg6 38. Rc7 Kg7 39. Kg2 Be4+ 40. Kh3 Ne3 41. g4 Bc2 42. Nf6 Bxf6 43. gxf6+ Kxf6 44. Rc3 Bxa4 45. Rxe3 b5 46. Re5 h6 47. Kg3 Kg6 48. Rc5 f6 49. f5+ exf5 50. Rxf5 h5 51. Rxh5 b4 52. Ra5 Be8 53. Ra8 Bf7 54. Kf4 b3 55. Rb8 Be6 56. Rb6 Kf7 57. g5 fxg5+ 1/2-1/2

[Event "Ruhrgebiet Verbandsliga Gruppe 1 1617"]
[Site "Germany"]
[Date "2017.01.29"]
[Round "6.5"]
[White "Weyh, Thomas"]
[Black "Wloka, Sebastian"]
[Result "1/2-1/2"]
[WhiteElo "1969"]
[BlackElo "1847"]
[PlyCount "94"]
[EventDate "2016.09.04"]
[EventType "team-tourn"]
[EventRounds "9"]
[EventCountry "GER"]
[SourceTitle "EXT 2022"]
[Source "ChessBase"]
[SourceDate "2021.10.06"]
[SourceVersion "1"]
[SourceVersionDate "2021.10.06"]
[SourceQuality "1"]
[WhiteTeam "Oberhausen SV II"]
[BlackTeam "Eichlinghofen SV"]
[WhiteTeamCountry "GER"]
[BlackTeamCountry "GER"]

1. d4 d5 2. c4 e6 3. Nc3 c6 4. Nf3 Nf6 5. e3 Nbd7 6. Qc2 Bd6 7. b3 0-0 8. Be2 Re8 9. 0-0 Qe7 10. Bb2 b6 11. Rad1 Bb7 12. Rfe1 dxc4 13. bxc4 e5 14. Ne4 Nxe4 15. Qxe4 Bb4 16. Rf1 exd4 17. Qxe7 Rxe7 18. Nxd4 g6 19. a3 Bc5 20. Nb3 Ba6 21. Nxc5 Nxc5 22. Rd6 Nb7 23. Rd2 Na5 24. Rc2 Rd7 25. Bf3 Rc8 26. Rfc1 f5 27. h4 Nb3 28. Rd1 Rxd1+ 29. Bxd1 Rd8 30. Bf3 Rd2 31. Rxd2 Nxd2 32. Bxc6 Bxc4 33. f3 Kf7 34. Kf2 Nb3 35. e4 Ke6 36. Ke3 Na5 37. Kd4 b5 38. Ba8 Nb3+ 39. Ke3 a5 40. Bc3 a4 41. Bb7 fxe4 42. Bc8+ Kf7 43. fxe4 Nc5 44. Kd4 Ne6+ 45. Ke5 Nc5 46. Kd4 Ne6+ 47. Ke5 Nc5 1/2-1/2

[Event "Ruhrgebiet Verbandsliga Gruppe 1 1617"]
[Site "Germany"]
[Date "2016.12.18"]
[Round "5.4"]
[White "Weyh, Thomas"]
[Black "Melmer, Felix"]
[Result "1/2-1/2"]
[WhiteElo "1982"]
[BlackElo "1908"]
[PlyCount "81"]
[EventDate "2016.09.04"]
[EventType "team-tourn"]
[EventRounds "9"]
[EventCountry "GER"]
[SourceTitle "EXT 2022"]
[Source "ChessBase"]
[SourceDate "2021.10.06"]
[SourceVersion "1"]
[SourceVersionDate "2021.10.06"]
[SourceQuality "1"]
[WhiteTeam "Oberhausen SV II"]
[BlackTeam "Gerthe Werne"]
[WhiteTeamCountry "GER"]
[BlackTeamCountry "GER"]

1. e4 c5 2. c3 d5 3. exd5 Qxd5 4. d4 Nf6 5. Nf3 e6 6. Bd3 Be7 7. 0-0 0-0 8. Be3 Nbd7 9. c4 Qh5 10. Be2 Ng4 11. Bf4 Qg6 12. h3 Nh6 13. Nc3 cxd4 14. Nxd4 e5 15. Bh5 Qa6 16. Bxh6 exd4 17. Nd5 Bd8 18. Bf4 Qxc4 19. Bf3 Nf6 20. b3 Qb5 21. Qxd4 Nxd5 22. Qxd5 Qxd5 23. Bxd5 Bf6 24. Rac1 a5 25. Rc7 Bd8 26. Rc4 Be6 27. Rd1 Ra6 28. Bxe6 Rxe6 29. Bc7 Bxc7 30. Rxc7 Re2 31. a4 b6 32. Rc6 g6 33. Rxb6 Rc8 34. Rd3 Rc1+ 35. Kh2 Rxf2 36. Rf3 Rfc2 37. Rb7 Rc7 38. Rxc7 Rxc7 39. Kg3 Kg7 40. Rd3 Rc5 41. Kf3 1/2-1/2

[Event "Ruhrgebiet Verbandsliga Gruppe 1 1617"]
[Site "Germany"]
[Date "2016.09.25"]
[Round "2.3"]
[White "Weyh, Thomas"]
[Black "Bobzin, Pierre David"]
[Result "1-0"]
[WhiteElo "1982"]
[BlackElo "2049"]
[PlyCount "81"]
[EventDate "2016.09.04"]
[EventType "team-tourn"]
[EventRounds "9"]
[EventCountry "GER"]
[SourceTitle "EXT 2022"]
[Source "ChessBase"]
[SourceDate "2021.10.06"]
[SourceVersion "1"]
[SourceVersionDate "2021.10.06"]
[SourceQuality "1"]
[WhiteTeam "Oberhausen SV II"]
[BlackTeam "Holsterhausen SK"]
[WhiteTeamCountry "GER"]
[BlackTeamCountry "GER"]

1. e4 c6 2. d4 d5 3. exd5 cxd5 4. c4 Nf6 5. Nc3 g6 6. Qb3 Bg7 7. cxd5 0-0 8. Be2 Nbd7 9. Bf3 Nb6 10. Nge2 Bg4 11. Bxg4 Nxg4 12. 0-0 a5 13. a4 Qd6 14. Bf4 Qb4 15. Ra3 Nc4 16. Na2 Qxb3 17. Rxb3 b6 18. Rc1 Rfc8 19. Rbc3 Nd6 20. Rc6 Rxc6 21. dxc6 e5 22. Bg3 f5 23. h3 f4 24. dxe5 Bxe5 25. Bxf4 Bxf4 26. Nxf4 Nf6 27. Nc3 Kf7 28. Nfd5 Nxd5 29. Nxd5 b5 30. Nc7 Rc8 31. Nxb5 Ke6 32. Nxd6 Kxd6 33. c7 Rxc7 34. Rxc7 Kxc7 35. Kf1 Kc6 36. Ke2 Kc5 37. Kd3 Kb4 38. f4 h5 39. g4 h4 40. f5 gxf5 41. gxf5 1-0

[Event "Ruhrgebiet Verbandsliga Gruppe 1 1617"]
[Site "Germany"]
[Date "2016.09.04"]
[Round "1.5"]
[White "Masberg, Stefan"]
[Black "Weyh, Thomas"]
[Result "1/2-1/2"]
[WhiteElo "1970"]
[BlackElo "1982"]
[PlyCount "28"]
[EventDate "2016.09.04"]
[EventType "team-tourn"]
[EventRounds "9"]
[EventCountry "GER"]
[SourceTitle "EXT 2022"]
[Source "ChessBase"]
[SourceDate "2021.10.06"]
[SourceVersion "1"]
[SourceVersionDate "2021.10.06"]
[SourceQuality "1"]
[WhiteTeam "Bottrop SV"]
[BlackTeam "Oberhausen SV II"]
[WhiteTeamCountry "GER"]
[BlackTeamCountry "GER"]

1. e4 e5 2. Nf3 Nc6 3. d4 exd4 4. Bc4 Nf6 5. 0-0 Nxe4 6. Re1 d5 7. Bxd5 Qxd5 8. Nc3 Qa5 9. Nxe4 Be6 10. Neg5 Bd6 11. Nxe6 fxe6 12. Rxe6+ Kd7 13. Re1 Rae8 14. Bg5 h6 1/2-1/2

[Event "Ruhrgebiet Verbandsliga Gruppe 2 1516"]
[Site "Germany"]
[Date "2016.04.24"]
[Round "9"]
[White "Ter Steeg, Marcus"]
[Black "Weyh, Thomas"]
[Result "1-0"]
[WhiteElo "2084"]
[BlackElo "1982"]
[PlyCount "65"]
[EventDate "2015.09.06"]
[EventType "team-tourn"]
[EventRounds "9"]
[EventCountry "GER"]
[SourceTitle "EXT 2022"]
[Source "ChessBase"]
[SourceDate "2021.10.06"]
[SourceVersion "1"]
[SourceVersionDate "2021.10.06"]
[SourceQuality "1"]
[WhiteTeam "Essen Werden"]
[BlackTeam "Oberhausen SV II"]
[WhiteTeamCountry "GER"]
[BlackTeamCountry "GER"]

1. d4 d5 2. c4 e6 3. Nc3 c5 4. cxd5 exd5 5. Nf3 Nc6 6. g3 Nf6 7. Bg2 Be7 8. 0-0 0-0 9. dxc5 Bxc5 10. a3 Ne4 11. Qxd5 Nxc3 12. Qxc5 Nxe2+ 13. Kh1 Nxc1 14. Raxc1 Qf6 15. Qc3 Qxc3 16. Rxc3 Bg4 17. h3 Be6 18. Ng5 Bf5 19. g4 Bg6 20. f4 h6 21. f5 hxg5 22. fxg6 fxg6 23. Bd5+ Kh7 24. Rxf8 Rxf8 25. Bxc6 bxc6 26. Rxc6 Rf2 27. b4 Rf6 28. Rxf6 gxf6 29. b5 Kg7 30. a4 Kf7 31. a5 Ke7 32. b6 axb6 33. a6 1-0

[Event "Ruhrgebiet Verbandsliga Gruppe 2 1516"]
[Site "Germany"]
[Date "2015.11.29"]
[Round "4.4"]
[White "Siebert, Martin"]
[Black "Weyh, Thomas"]
[Result "1-0"]
[WhiteElo "1973"]
[BlackElo "1986"]
[PlyCount "85"]
[EventDate "2015.09.06"]
[EventType "team-tourn"]
[EventRounds "9"]
[EventCountry "GER"]
[SourceTitle "EXT 2022"]
[Source "ChessBase"]
[SourceDate "2021.10.06"]
[SourceVersion "1"]
[SourceVersionDate "2021.10.06"]
[SourceQuality "1"]
[WhiteTeam "Brackel SF II"]
[BlackTeam "Oberhausen SV II"]
[WhiteTeamCountry "GER"]
[BlackTeamCountry "GER"]

1. e4 e5 2. Nf3 Nc6 3. Bb5 a6 4. Bxc6 dxc6 5. d3 Bd6 6. Be3 Bg4 7. Nbd2 f6 8. c3 Qd7 9. Qc2 Ne7 10. Nc4 0-0 11. h3 Be6 12. 0-0 Ng6 13. Nxd6 cxd6 14. d4 d5 15. dxe5 dxe4 16. Nd4 Bxh3 17. gxh3 fxe5 18. Qb3+ Kh8 19. Qe6 Qd8 20. Ne2 Rf6 21. Qc4 Nh4 22. Qxe4 Nf3+ 23. Kh1 Qd7 24. Qg4 Qf7 25. Ng1 Rg6 26. Qe4 Rf6 27. Rad1 Rf8 28. Qg4 Rg6 29. Qe4 Rf6 30. Rd3 h5 31. Nxf3 Rxf3 32. Bc5 Rf4 33. Qg2 Re8 34. Rg3 Rd8 35. Be3 Rf5 36. Rg1 Rd7 37. Qe4 Rf6 38. Qxe5 Rd5 39. Rxg7 Rxe5 40. Rxf7 Rxf7 41. Bd4 Kh7 42. Bxe5 Rxf2 43. Rg7+ 1-0

[Event "NRW Class1 1415"]
[Site "Germany"]
[Date "2015.02.08"]
[Round "6.8"]
[White "Kneutgen, Alexander"]
[Black "Weyh, Thomas"]
[Result "1/2-1/2"]
[WhiteElo "1976"]
[BlackElo "1991"]
[PlyCount "82"]
[EventDate "2014.09.14"]
[EventType "team-tourn"]
[EventRounds "9"]
[EventCountry "GER"]
[SourceTitle "EXT 2017"]
[Source "ChessBase"]
[SourceDate "2016.10.25"]
[SourceVersion "1"]
[SourceVersionDate "2016.10.25"]
[SourceQuality "1"]
[WhiteTeam "Niederkassel"]
[BlackTeam "Oberhausen"]
[WhiteTeamCountry "GER"]
[BlackTeamCountry "GER"]

1. e4 e5 2. Nf3 Nc6 3. Bb5 a6 4. Ba4 Nf6 5. d4 exd4 6. 0-0 Be7 7. Re1 b5 8. Bb3 d6 9. Bd5 Nxd5 10. exd5 Ne5 11. Nxd4 0-0 12. Nc6 Nxc6 13. dxc6 Be6 14. Nc3 d5 15. Ne2 Qd6 16. Nd4 Bf6 17. c3 Bxd4 18. cxd4 Qxc6 19. Bf4 Qd7 20. Rc1 Rac8 21. b4 Rfe8 22. Qc2 Bf5 23. Qc3 c6 24. Rxe8+ Rxe8 25. Re1 f6 26. Rxe8+ Qxe8 27. Qe3 Qe4 28. Qxe4 dxe4 29. Kf1 Kf7 30. Ke1 Ke6 31. Kd2 g5 32. Bc7 Bg4 33. Bd8 h6 34. Bc7 f5 35. g3 Kd5 36. Kc3 Bh3 37. Be5 Ke6 38. Kd2 h5 39. Bc7 Kd5 40. Kc3 Bf1 41. h4 gxh4 1/2-1/2

[Event "Ruhrgebiet Verbandsliga Gruppe 2 1415"]
[Site "Germany"]
[Date "2014.10.19"]
[Round "2.5"]
[White "Van Klev, Fabian"]
[Black "Weyh, Thomas"]
[Result "1/2-1/2"]
[WhiteElo "1864"]
[BlackElo "1991"]
[PlyCount "60"]
[EventDate "2014.09.21"]
[EventType "team-tourn"]
[EventRounds "9"]
[EventCountry "GER"]
[SourceTitle "EXT 2022"]
[Source "ChessBase"]
[SourceDate "2021.10.06"]
[SourceVersion "1"]
[SourceVersionDate "2021.10.06"]
[SourceQuality "1"]
[WhiteTeam "Brackel SF II"]
[BlackTeam "Oberhausen SV II"]
[WhiteTeamCountry "GER"]
[BlackTeamCountry "GER"]

1. Nf3 d5 2. c4 e6 3. d4 c5 4. cxd5 exd5 5. Nc3 Nc6 6. g3 Nf6 7. Bg2 Be7 8. 0-0 0-0 9. dxc5 Bxc5 10. Bg5 d4 11. Bxf6 Qxf6 12. Ne4 Qe7 13. Nxc5 Qxc5 14. Rc1 Qb6 15. Qd2 Be6 16. b3 Rad8 17. Rfd1 h6 18. Ne1 Rfe8 19. Nd3 Bd5 20. Bxd5 Rxd5 21. Rc4 Ne5 22. Rb4 Rb5 23. Rxb5 Qxb5 24. Nxe5 Qxe5 25. Qxd4 Qxd4 26. Rxd4 Rxe2 27. a4 Kf8 28. Rd7 Re7 29. Rd8+ Re8 30. Rd7 Re7 1/2-1/2

[Event "Ruhrgebiet Verbandsliga2 1213"]
[Site "Nordrheinwestfalen"]
[Date "2012.12.02"]
[Round "4.4"]
[White "Weyh, Thomas"]
[Black "Weinert, Christian"]
[Result "0-1"]
[WhiteElo "1926"]
[BlackElo "1919"]
[PlyCount "54"]
[EventDate "2012.09.02"]
[EventType "team-tourn"]
[EventRounds "9"]
[EventCountry "GER"]
[SourceTitle "EXT 2020"]
[Source "ChessBase"]
[SourceDate "2019.10.17"]
[SourceVersion "1"]
[SourceVersionDate "2019.10.17"]
[SourceQuality "1"]
[WhiteTeam "Oberhausen SV II"]
[BlackTeam "Mengede SG"]
[WhiteTeamCountry "GER"]
[BlackTeamCountry "GER"]

1. e4 c5 2. Nf3 g6 3. c3 Bg7 4. d4 cxd4 5. cxd4 Nc6 6. Nc3 d6 7. Be3 Nf6 8. h3 0-0 9. Be2 a6 10. 0-0 b5 11. Nd2 Bb7 12. d5 Nb8 13. Qb3 Nbd7 14. a4 Nc5 15. Bxc5 dxc5 16. axb5 Rb8 17. bxa6 Bxa6 18. Qc2 Bxe2 19. Nxe2 e6 20. dxe6 fxe6 21. Nc4 Qc7 22. Ra6 Rb4 23. Rd1 Nh5 24. Rad6 Qf7 25. f3 Nf4 26. e5 Nxg2 27. R1d3 Ne1 0-1

[Event "Ruhrgebiet Verbandsliga2 1213"]
[Site "Nordrheinwestfalen"]
[Date "2012.09.02"]
[Round "1.6"]
[White "Hampe, Lars"]
[Black "Weyh, Thomas"]
[Result "0-1"]
[WhiteElo "1905"]
[BlackElo "1926"]
[PlyCount "42"]
[EventDate "2012.09.02"]
[EventType "team-tourn"]
[EventRounds "9"]
[EventCountry "GER"]
[SourceTitle "EXT 2020"]
[Source "ChessBase"]
[SourceDate "2019.10.17"]
[SourceVersion "1"]
[SourceVersionDate "2019.10.17"]
[SourceQuality "1"]
[WhiteTeam "Hoentrop SG"]
[BlackTeam "Oberhausen SV II"]
[WhiteTeamCountry "GER"]
[BlackTeamCountry "GER"]

1. d4 d5 2. Nf3 e6 3. e3 Nf6 4. Bd3 c5 5. c3 Nc6 6. Nbd2 Bd6 7. 0-0 0-0 8. Qe2 e5 9. dxc5 Bxc5 10. e4 Bg4 11. Nb3 Be7 12. Bg5 dxe4 13. Bxe4 Nxe4 14. Bxe7 Nxc3 15. Qc4 Qxe7 16. Qxg4 Ne2+ 17. Kh1 Nf4 18. Rfe1 Nd3 19. Re2 Rad8 20. Rf1 f5 21. Qh5 Nf4 0-1

[Event "Ruhrgebiet VK2 1112"]
[Site "Nordrheinwestfalen"]
[Date "2012.03.04"]
[Round "7"]
[White "Weyh, Thomas"]
[Black "Happe, Ulrich"]
[Result "0-1"]
[WhiteElo "1955"]
[BlackElo "2007"]
[PlyCount "70"]
[EventDate "2012.09.18"]
[EventType "team-tourn"]
[EventRounds "9"]
[EventCountry "GER"]
[SourceTitle "EXT 2020"]
[Source "ChessBase"]
[SourceDate "2019.10.17"]
[SourceVersion "1"]
[SourceVersionDate "2019.10.17"]
[SourceQuality "1"]
[WhiteTeam "Oberhausen SV III"]
[BlackTeam "Rochade Steele/Kray"]
[WhiteTeamCountry "GER"]
[BlackTeamCountry "GER"]

1. e4 c5 2. Nf3 e6 3. c3 d5 4. exd5 exd5 5. d4 Nc6 6. Bd3 c4 7. Bc2 Bd6 8. 0-0 Nge7 9. b3 cxb3 10. axb3 0-0 11. Bg5 f6 12. Bh4 Bf5 13. Nbd2 Rc8 14. Bg3 Bxg3 15. hxg3 a6 16. Bxf5 Nxf5 17. Ne1 Na7 18. Qf3 g6 19. g4 Ne7 20. Nc2 Qd7 21. Rae1 Nb5 22. Re3 f5 23. g5 f4 24. Rd3 Qf5 25. c4 Nd6 26. Re1 Qxg5 27. c5 Ndf5 28. Re5 h6 29. Qe2 Qf6 30. Re6 Qf7 31. Rf3 g5 32. g3 Nc6 33. Rd3 fxg3 34. fxg3 Rce8 35. Rxe8 Qxe8 0-1

[Event "Ruhrgebiet VK2 1112"]
[Site "Nordrheinwestfalen"]
[Date "2012.02.12"]
[Round "6"]
[White "Starp, Klaus"]
[Black "Weyh, Thomas"]
[Result "1/2-1/2"]
[WhiteElo "1921"]
[BlackElo "1955"]
[PlyCount "36"]
[EventDate "2012.09.18"]
[EventType "team-tourn"]
[EventRounds "9"]
[EventCountry "GER"]
[SourceTitle "EXT 2020"]
[Source "ChessBase"]
[SourceDate "2019.10.17"]
[SourceVersion "1"]
[SourceVersionDate "2019.10.17"]
[SourceQuality "1"]
[WhiteTeam "Ahlen SV II"]
[BlackTeam "Oberhausen SV III"]
[WhiteTeamCountry "GER"]
[BlackTeamCountry "GER"]

1. e4 e5 2. Nf3 Nc6 3. Bb5 a6 4. Ba4 Nf6 5. d4 exd4 6. 0-0 Be7 7. Re1 b5 8. Bb3 d6 9. Bd5 Nxd5 10. exd5 Ne5 11. Nxd4 Bd7 12. f4 Ng6 13. Nc3 0-0 14. Qd3 Bf6 15. Ne4 Bxd4+ 16. Qxd4 Re8 17. b3 f6 18. Bd2 Bf5 1/2-1/2

[Event "Ruhrgebiet VK2 1112"]
[Site "Nordrheinwestfalen"]
[Date "2012.01.08"]
[Round "5.3"]
[White "Weyh, Thomas"]
[Black "Ribbeck, Oliver"]
[Result "1-0"]
[WhiteElo "1955"]
[BlackElo "1944"]
[PlyCount "73"]
[EventDate "2012.09.18"]
[EventType "team-tourn"]
[EventRounds "9"]
[EventCountry "GER"]
[SourceTitle "EXT 2020"]
[Source "ChessBase"]
[SourceDate "2019.10.17"]
[SourceVersion "1"]
[SourceVersionDate "2019.10.17"]
[SourceQuality "1"]
[WhiteTeam "Oberhausen SV III"]
[BlackTeam "Dortmund FS 98 II"]
[WhiteTeamCountry "GER"]
[BlackTeamCountry "GER"]

1. e4 e5 2. Nf3 Nc6 3. Bc4 Nf6 4. d4 exd4 5. e5 Ne4 6. Qe2 Nc5 7. 0-0 Be7 8. Rd1 d5 9. Bb5 0-0 10. Bxc6 bxc6 11. Nxd4 Bd7 12. Be3 Rb8 13. Nb3 Na4 14. c3 Nb6 15. N1d2 Qc8 16. Bc5 Re8 17. Re1 Bd6 18. Qh5 Be7 19. Bxe7 Rxe7 20. Re3 Re6 21. Nc5 Rh6 22. Qg5 Rg6 23. Qe7 Qf8 24. Qxf8+ Kxf8 25. a4 Bc8 26. b4 Nd7 27. Nxd7+ Bxd7 28. Nb3 Bf5 29. Nd4 Bd7 30. f4 c5 31. bxc5 Rb2 32. Re2 Rxe2 33. Nxe2 a5 34. Nd4 Ke7 35. Kf2 Rh6 36. h3 Be8 37. Nf5+ 1-0

[Event "Ruhrgebiet Regionalliga 1011"]
[Site "Nordrheinwestfalen"]
[Date "2011.02.13"]
[Round "6.5"]
[White "Weyh, Thomas"]
[Black "Butschek, Marc"]
[Result "0-1"]
[WhiteElo "1975"]
[BlackElo "1907"]
[PlyCount "60"]
[EventDate "2010.09.19"]
[EventType "team-tourn"]
[EventRounds "9"]
[EventCountry "GER"]
[SourceTitle "EXT 2020"]
[Source "ChessBase"]
[SourceDate "2019.10.17"]
[SourceVersion "1"]
[SourceVersionDate "2019.10.17"]
[SourceQuality "1"]
[WhiteTeam "Oberhausen SV II"]
[BlackTeam "Bochum SG III"]
[WhiteTeamCountry "GER"]
[BlackTeamCountry "GER"]

1. e4 e6 2. d4 d5 3. Nc3 Nf6 4. e5 Ne4 5. Bd3 Nxc3 6. bxc3 c5 7. Nf3 Nc6 8. 0-0 Be7 9. Re1 c4 10. Bf1 b5 11. g3 Rb8 12. h4 h6 13. Bd2 b4 14. cxb4 Bxb4 15. Bxb4 Rxb4 16. c3 Rb5 17. Rb1 Rxb1 18. Qxb1 Qa5 19. Qc2 a6 20. Rb1 Ke7 21. Kg2 Bd7 22. Ng1 Rf8 23. Ne2 f5 24. exf6+ Rxf6 25. Qh7 Rf7 26. Qg6 Qxa2 27. Rb7 Nd8 28. Ra7 Qa5 29. Nf4 Qxc3 30. Nxe6 Qf3+ 0-1

[Event "Ruhrgebiet VK1 0708"]
[Site "Germany"]
[Date "2007.12.09"]
[Round "4.5"]
[White "Krummsdorf, Joerg"]
[Black "Weyh, Thomas"]
[Result "0-1"]
[WhiteElo "1865"]
[BlackElo "1979"]
[PlyCount "54"]
[EventDate "2007.09.16"]
[EventType "team"]
[EventRounds "9"]
[EventCountry "GER"]
[SourceTitle "EXT 2009"]
[Source "ChessBase"]
[SourceDate "2008.11.26"]
[SourceVersion "1"]
[SourceVersionDate "2008.11.26"]
[SourceQuality "1"]
[WhiteTeam "Welper SV II"]
[BlackTeam "Oberhausen II"]
[WhiteTeamCountry "GER"]
[BlackTeamCountry "GER"]

1. d4 d5 2. Bg5 Nf6 3. Nd2 e6 4. e3 c5 5. c3 Nc6 6. f4 Qb6 7. Rb1 Ne4 8. Ngf3 f6 9. Bh4 cxd4 10. Nxe4 dxe4 11. Nxd4 Nxd4 12. exd4 Bd6 13. Qg4 0-0 14. Bc4 f5 15. Qh3 Qc7 16. Bb3 Bxf4 17. 0-0 Kh8 18. Rbe1 Bd7 19. g3 Bd6 20. Bg5 Rae8 21. c4 b6 22. a3 e5 23. Qh5 exd4 24. c5 Bxc5 25. Bf7 d3+ 26. Kg2 e3 27. Bg6 Qc6+ 0-1

[Event "Ruhrgebiet VK1 0708"]
[Site "Germany"]
[Date "2007.11.18"]
[Round "3.5"]
[White "Riesenbeck, Juergen"]
[Black "Weyh, Thomas"]
[Result "1/2-1/2"]
[WhiteElo "1888"]
[BlackElo "1979"]
[PlyCount "59"]
[EventDate "2007.09.16"]
[EventType "team"]
[EventRounds "9"]
[EventCountry "GER"]
[SourceTitle "EXT 2009"]
[Source "ChessBase"]
[SourceDate "2008.11.26"]
[SourceVersion "1"]
[SourceVersionDate "2008.11.26"]
[SourceQuality "1"]
[WhiteTeam "Katernberg III"]
[BlackTeam "Oberhausen II"]
[WhiteTeamCountry "GER"]
[BlackTeamCountry "GER"]

1. e4 e6 2. d3 d5 3. Nd2 Nf6 4. c3 c5 5. Be2 Nc6 6. Ngf3 Be7 7. 0-0 0-0 8. a3 dxe4 9. dxe4 b6 10. Re1 Bb7 11. Qc2 Qc7 12. Bf1 Rad8 13. b4 Ng4 14. g3 cxb4 15. cxb4 Bf6 16. Bb2 Bxb2 17. Qxb2 Nge5 18. Rac1 Qd6 19. Re3 Nxf3+ 20. Nxf3 e5 21. Rd3 Nd4 22. Nxd4 exd4 23. Rcd1 Bxe4 24. Rxd4 Qf6 25. Bg2 Bxg2 26. Kxg2 g6 27. Qd2 Qc6+ 28. Kg1 Rxd4 29. Qxd4 Re8 30. Qd5 1/2-1/2

[Event "Ruhrgebiet VL1 0304"]
[Site "Ruhrgebiet"]
[Date "2004.04.25"]
[Round "9.8"]
[White "Daus, Peter"]
[Black "Weyh, Thomas"]
[Result "1/2-1/2"]
[WhiteElo "2075"]
[BlackElo "1978"]
[PlyCount "71"]
[EventDate "2003.09.28"]
[EventType "team"]
[EventRounds "9"]
[EventCountry "GER"]
[SourceTitle "EXT 2007"]
[Source "ChessBase"]
[SourceDate "2006.11.23"]
[SourceVersion "1"]
[SourceVersionDate "2006.11.23"]
[SourceQuality "1"]
[WhiteTeam "Holsterhausen"]
[BlackTeam "Oberhausen"]
[WhiteTeamCountry "GER"]
[BlackTeamCountry "GER"]

1. d4 d5 2. c4 e6 3. Nf3 c5 4. cxd5 exd5 5. Bg5 Be7 6. Bxe7 Nxe7 7. dxc5 Qa5+ 8. Nbd2 Qxc5 9. Nb3 Qb4+ 10. Qd2 Nbc6 11. Qxb4 Nxb4 12. Kd2 Bg4 13. Nfd4 0-0 14. e3 Rac8 15. a3 Nbc6 16. Bd3 Ne5 17. Rhc1 Nxd3 18. Kxd3 Ng6 19. f4 Bd7 20. Nc5 Bc6 21. b4 b6 22. Ncb3 Bd7 23. Rxc8 Rxc8 24. Rc1 Rxc1 25. Nxc1 Kf8 26. Nce2 Ne7 27. Nc3 a6 28. a4 Ke8 29. b5 a5 30. Nf3 Be6 31. Nd4 Kd7 32. Nxe6 Kxe6 33. g4 h5 34. h3 hxg4 35. hxg4 f5 36. g5 1/2-1/2